MARC details
| 000 -LEADER |
| fixed length control field |
03957cam a2200529Ka 4500 |
| 001 - CONTROL NUMBER |
| control field |
bslw06443834 |
| 003 - CONTROL NUMBER IDENTIFIER |
| control field |
UtOrBLW |
| 005 - DATE AND TIME OF LATEST TRANSACTION |
| control field |
20210303085412.0 |
| 006 - FIXED-LENGTH DATA ELEMENTS--ADDITIONAL MATERIAL CHARACTERISTICS |
| fixed length control field |
m d |
| 007 - PHYSICAL DESCRIPTION FIXED FIELD--GENERAL INFORMATION |
| fixed length control field |
cr un||||||||| |
| 008 - FIXED-LENGTH DATA ELEMENTS--GENERAL INFORMATION |
| fixed length control field |
101115s2003 ne ab ob 000 0 eng |
| 010 ## - LIBRARY OF CONGRESS CONTROL NUMBER |
| LC control number |
2004300134 |
| 020 ## - INTERNATIONAL STANDARD BOOK NUMBER |
| Canceled/invalid ISBN |
0762310715 |
| 020 ## - INTERNATIONAL STANDARD BOOK NUMBER |
| International Standard Book Number |
9781849502498 (electronic bk.) : |
| Terms of availability |
£74.95 ; <U+0080>110.95 ; $117.95 |
| 040 ## - CATALOGING SOURCE |
| Original cataloging agency |
UtOrBLW |
| Transcribing agency |
UtOrBLW |
| 050 #4 - LIBRARY OF CONGRESS CALL NUMBER |
| Classification number |
GN448 |
| Item number |
.A58 2003 |
| 072 #7 - SUBJECT CATEGORY CODE |
| Subject category code |
KCM |
| Source |
bicssc |
| 072 #7 - SUBJECT CATEGORY CODE |
| Subject category code |
JHMC |
| Source |
bicssc |
| 072 #7 - SUBJECT CATEGORY CODE |
| Subject category code |
SCI000000 |
| Source |
bisacsh |
| 072 #7 - SUBJECT CATEGORY CODE |
| Subject category code |
BUS041000 |
| Source |
bisacsh |
| 080 ## - UNIVERSAL DECIMAL CLASSIFICATION NUMBER |
| Universal Decimal Classification number |
338.1 |
| 082 04 - DEWEY DECIMAL CLASSIFICATION NUMBER |
| Classification number |
306.3 |
| Edition number |
21 |
| 245 00 - TITLE STATEMENT |
| Title |
Anthropological perspectives on economic development and integration |
| Medium |
[electronic resource] / |
| Statement of responsibility, etc. |
edited by Norbert Dannhaeuser and Cynthia Werner. |
| 260 ## - PUBLICATION, DISTRIBUTION, ETC. |
| Place of publication, distribution, etc. |
Amsterdam ; |
| -- |
Boston, Mass. : |
| Name of publisher, distributor, etc. |
Elsevier JAI, |
| Date of publication, distribution, etc. |
2003. |
| 300 ## - PHYSICAL DESCRIPTION |
| Extent |
1 online resource (xxv, 364 p.) : |
| Other physical details |
ill., map. |
| 490 1# - SERIES STATEMENT |
| Series statement |
Research in economic anthropology, |
| International Standard Serial Number |
0190-1281 ; |
| Volume/sequential designation |
v. 22 |
| 504 ## - BIBLIOGRAPHY, ETC. NOTE |
| Bibliography, etc. note |
Includes bibliographical references. |
| 505 0# - FORMATTED CONTENTS NOTE |
| Formatted contents note |
Mixed responses to neo-liberalism : questioning sustainable development as a remedy to free trade and global capitalism in oaxaca, mexico / Catherine Newling -- Fragmented solidarity : commercial farming and rice marketing in an experimental Japanese village / Donald C Wood -- Labour and technological discipline : chaos and order in a russian textile company / Claudio Morrison -- Does privatisation mean commoditisation? Market exchange, barter, and gift giving in post-socialist Mongolia / Peter Finke -- Production matters : consumerism and global capitalism in Vietnam / Elizabeth F Vann -- New inequalities : changing Maya economy and social life in central Quintana Roo, Mexico / Ueli Hostettler -- Fetishism and hau / Elizabeth Emma Ferry -- Fluid signs of commodity fetishism : the cosmologies of Coca-cola and Tesguino / Kalman Applbaum, Jerome M Levi -- Class-based social networks in regional economic systems / Eric C Jones -- The social organization of intention: sacred giving and its implications for Burmas political economy / Ingrid Jordt -- Catch the cranberry wave : Ocean Sprays role as an important social and economic institution / Barbara K Jones -- "Children are the wealth of the poor." Pronatalism and the economic utility of children in Jean Rabel, Haiti / Timothy T Schwartz. |
| 520 ## - SUMMARY, ETC. |
| Summary, etc. |
The collection of original contributions in this volume of Research in Economic Anthropology addresses two recurrent themes in economic anthropology. These are the process of economic development and the basis on which economic integration takes place. The development theme is divided between papers that are concerned with the social and demographic impact of development, and those that examine the recent post-socialist transition. The integration theme is represented by articles that examine the symbolic foundations of economic integration, and by contributions that focus on the moral basis of integration and continuity. With respect to both themes theoretical issues are discussed, and detailed ethnographic cases are drawn from Asia, Europe, Russia, Latin America, and the U.S. |
| 588 ## - SOURCE OF DESCRIPTION NOTE |
| Source of description note |
Description based on print version record. |
| 650 #0 - SUBJECT ADDED ENTRY--TOPICAL TERM |
| Topical term or geographic name entry element |
Economic anthropology. |
| 650 #0 - SUBJECT ADDED ENTRY--TOPICAL TERM |
| Topical term or geographic name entry element |
Economic development. |
| 650 #0 - SUBJECT ADDED ENTRY--TOPICAL TERM |
| Topical term or geographic name entry element |
International economic integration. |
| 650 #0 - SUBJECT ADDED ENTRY--TOPICAL TERM |
| Topical term or geographic name entry element |
Globalization. |
| 650 #0 - SUBJECT ADDED ENTRY--TOPICAL TERM |
| Topical term or geographic name entry element |
Consumption (Economics) |
| 650 #0 - SUBJECT ADDED ENTRY--TOPICAL TERM |
| Topical term or geographic name entry element |
Post-communism. |
| 650 #7 - SUBJECT ADDED ENTRY--TOPICAL TERM |
| Topical term or geographic name entry element |
Science |
| General subdivision |
General. |
| Source of heading or term |
bisacsh |
| 650 #7 - SUBJECT ADDED ENTRY--TOPICAL TERM |
| Topical term or geographic name entry element |
Business & Economics |
| General subdivision |
Management. |
| Source of heading or term |
bisacsh |
| 650 #7 - SUBJECT ADDED ENTRY--TOPICAL TERM |
| Topical term or geographic name entry element |
Development economics. |
| Source of heading or term |
bicssc |
| 650 #7 - SUBJECT ADDED ENTRY--TOPICAL TERM |
| Topical term or geographic name entry element |
Social & cultural anthropology. |
| Source of heading or term |
bicssc |
| 700 1# - ADDED ENTRY--PERSONAL NAME |
| Personal name |
Dannhaeuser, Norbert, |
| Dates associated with a name |
1943- |
| 700 1# - ADDED ENTRY--PERSONAL NAME |
| Personal name |
Werner, Cynthia Ann, |
| Dates associated with a name |
1967- |
| 776 1# - ADDITIONAL PHYSICAL FORM ENTRY |
| International Standard Book Number |
9780762310715 |
| 830 #0 - SERIES ADDED ENTRY--UNIFORM TITLE |
| Uniform title |
Research in economic anthropology ; |
| Volume/sequential designation |
v. 22. |
| 856 40 - ELECTRONIC LOCATION AND ACCESS |
| Uniform Resource Identifier |
<a href="https://www.emerald.com/insight/publication/doi/10.1016/S0190-1281(2003)22">https://www.emerald.com/insight/publication/doi/10.1016/S0190-1281(2003)22</a> |
| 913 ## - |
| -- |
BMEbacklist |